000 01046nam a2200337 i 4500
003 EG-GICUC
005 20260208142021.0
008 260208s2010 fr ||||fr|||| 000 0 fre d
020 _a9782729856984
040 _aEG-GiCUC
_bfre
_cEG-GiCUC
_dEG-GiCUC
_eRda
041 0 _afre
082 0 4 _221
_a341.3
_bZA . R
092 0 4 _221
099 _aLaw1 11 341.3 ZA . R 4 ed - 2010
100 1 _aZarka, Jean-Claude
_eAuteur
245 1 3 _aRelations Internationales /
_cJean-Claude Zarka
250 _a4e Édition Mise À Jour Et Enrichie.
264 1 _aParis :
_bEllipses,
_c2010.
300 _a187 page,
_c22 cm.
336 _2rda contenu
_a texte
337 _2rda medias
_aOrdinateur
338 _2 transporteur rda
_a Ressource en ligne
490 _aMise Au Point
504 _aComprend des références bibliographiques.
546 _aTexte en français
650 1 4 _aDroit international public
_2
651 1 _2
856 4 0 _uhttps://fll.law.cu.edu.eg/fulltext/bks/B11-07058.pdf
905 _a48
942 _2ddc
_cBK
_e21
_n0
999 _c61648
_d61648